[Event "Wroclaw op-A"]
[Site "Wroclaw"]
[Date "2022.08.01"]
[Round "3"]
[White "Kovacs, Geza"]
[Black "Lechowski, Witold"]
[Result "1-0"]
[WhiteElo "1946"]
[BlackElo "1569"]
[PlyCount "109"]
[EventDate "2022.07.31"]
[EventType "swiss"]
[EventRounds "9"]
[EventCountry "POL"]
[SourceTitle "CBM 209 Extra"]
[Source "ChessBase"]
[SourceDate "2022.09.30"]
[SourceVersion "1"]
[SourceVersionDate "2022.09.30"]
[SourceQuality "1"]

1. e4 e5 2. Nf3 Nc6 3. c3 d5 4. Qa4 f6 5. Bb5 Nge7 6. 0-0 Bd7 7. exd5 Nxd5 8. Qe4 Nce7 9. Bxd7+ Qxd7 10. c4 Nf4 11. d4 0-0-0 12. Bxf4 exf4 13. Qxf4 Nf5 14. d5 g5 15. Qd2 Bd6 16. Nc3 g4 17. Nd4 Kb8 18. Nxf5 Qxf5 19. Nb5 c6 20. Nxd6 Rxd6 21. Qb4 Rhd8 22. dxc6 Rxc6 23. Rac1 Qc5 24. Qc3 h5 25. b4 Qd4 26. Qb3 Qd3 27. Rcd1 Qxb3 28. Rxd8+ Kc7 29. axb3 Kxd8 30. Rd1+ Ke7 31. Kf1 Ke6 32. Rd5 f5 33. b5 Rd6 34. Rxd6+ Kxd6 35. Ke2 Kc5 36. Kd3 Kb4 37. Kc2 f4 38. f3 gxf3 39. gxf3 b6 40. Kb2 h4 41. h3 Kc5 42. Kc3 Kd6 43. Kd4 Ke6 44. b4 Kd6 45. c5+ Ke6 46. c6 Kd6 47. Ke4 a6 48. bxa6 Kxc6 49. b5+ Kc7 50. Kxf4 Kb8 51. Ke5 Ka7 52. f4 Kb8 53. Kd6 Ka7 54. Kc6 Kb8 55. Kxb6 1-0

[Event "HUN-chT2 Breyer 1819"]
[Site "Hungary"]
[Date "2018.12.02"]
[Round "3.7"]
[White "Kozma, Edit"]
[Black "Kovacs, Geza"]
[Result "0-1"]
[WhiteElo "1858"]
[BlackElo "1972"]
[PlyCount "44"]
[EventDate "2018.10.28"]
[EventType "team-tourn"]
[EventRounds "9"]
[EventCountry "HUN"]
[SourceTitle "CBM 189 Extra"]
[Source "ChessBase"]
[SourceDate "2019.06.03"]
[SourceVersion "1"]
[SourceVersionDate "2019.06.03"]
[SourceQuality "1"]
[WhiteTeam "Budapest HASE"]
[BlackTeam "Esztergom"]
[WhiteTeamCountry "HUN"]
[BlackTeamCountry "HUN"]

1. e4 c5 2. Nf3 a6 3. c4 Nc6 4. d4 cxd4 5. Nxd4 Nf6 6. Nc3 e5 7. Nxc6 bxc6 8. Bd3 Bc5 9. 0-0 d6 10. Bg5 h6 11. Bh4 g5 12. Bg3 Be6 13. Rb1 a5 14. b3 h5 15. h4 Ng4 16. Rb2 gxh4 17. Bh2 h3 18. gxh3 Qg5 19. hxg4 Bxg4 20. Qd2 Qg6 21. Rc1 Bh3+ 22. Bg3 Qxg3+ 0-1

[Event "HUN-chT2 Breyer 1718"]
[Site "Hungary"]
[Date "2017.12.03"]
[Round "5.6"]
[White "Emmer, Adam"]
[Black "Kovacs, Geza"]
[Result "0-1"]
[WhiteElo "1878"]
[BlackElo "2001"]
[PlyCount "68"]
[EventDate "2017.09.24"]
[EventType "team-tourn"]
[EventRounds "11"]
[EventCountry "HUN"]
[SourceTitle "EXT 2021"]
[Source "ChessBase"]
[SourceDate "2020.10.23"]
[SourceVersion "1"]
[SourceVersionDate "2020.10.23"]
[SourceQuality "1"]
[WhiteTeam "Paty"]
[BlackTeam "Esztergom"]
[WhiteTeamCountry "HUN"]
[BlackTeamCountry "HUN"]

1. Nf3 Nf6 2. c4 e6 3. Nc3 d5 4. d4 b6 5. Bg5 Be7 6. e3 0-0 7. cxd5 exd5 8. Qb3 Be6 9. Be2 c5 10. 0-0 c4 11. Qd1 Nbd7 12. Rc1 a6 13. Nd2 h6 14. Bf4 b5 15. a3 Qb6 16. Bf3 a5 17. e4 dxe4 18. Ndxe4 Rad8 19. Be3 Nd5 20. Nxd5 Bxd5 21. Nc3 Nf6 22. Nxd5 Nxd5 23. Qc2 f5 24. a4 Nxe3 25. fxe3 Bg5 26. Rce1 f4 27. exf4 Rxd4 28. Kh1 Bxf4 29. axb5 Qxb5 30. Re4 c3 31. Rb1 Rxe4 32. Bxe4 cxb2 33. Qxb2 Qxb2 34. Rxb2 Bc1 0-1

[Event "Budapest Art Pub op 9th"]
[Site "Budapest"]
[Date "2015.11.22"]
[Round "6"]
[White "Szabo, Marton Mihaly"]
[Black "Kovacs, Geza"]
[Result "1-0"]
[WhiteElo "1822"]
[BlackElo "2031"]
[PlyCount "65"]
[EventDate "2015.11.20"]
[EventType "swiss"]
[EventRounds "6"]
[EventCountry "HUN"]
[SourceTitle "CBM 169 Extra"]
[Source "ChessBase"]
[SourceDate "2015.12.18"]
[SourceVersion "1"]
[SourceVersionDate "2015.12.18"]
[SourceQuality "1"]

1. e4 e6 2. d4 d5 3. exd5 exd5 4. Nf3 Bg4 5. Be2 Nf6 6. h3 Bh5 7. 0-0 Be7 8. c3 Nbd7 9. Bf4 0-0 10. Re1 c6 11. Qb3 Qb6 12. Nbd2 Rfe8 13. c4 Bb4 14. c5 Qa5 15. a3 Bxd2 16. Bxd2 Qc7 17. Qc2 Ne4 18. Ng5 Bxe2 19. Rxe2 Nxg5 20. Bxg5 Nf8 21. Rae1 Qd7 22. Re7 Rxe7 23. Rxe7 Qd8 24. Qf5 f6 25. Bxf6 gxf6 26. Qxf6 Qxe7 27. Qxe7 Ng6 28. Qxb7 Re8 29. Qxc6 Re1+ 30. Kh2 Nf4 31. Qc8+ Kg7 32. Qg4+ Ng6 33. Qd7+ 1-0

[Event "Budapest Art Pub op 9th"]
[Site "Budapest"]
[Date "2015.11.21"]
[Round "3"]
[White "Kovacs, Geza"]
[Black "Szurkos, Andras"]
[Result "1-0"]
[WhiteElo "2031"]
[BlackElo "1745"]
[PlyCount "91"]
[EventDate "2015.11.20"]
[EventType "swiss"]
[EventRounds "6"]
[EventCountry "HUN"]
[SourceTitle "CBM 169 Extra"]
[Source "ChessBase"]
[SourceDate "2015.12.18"]
[SourceVersion "1"]
[SourceVersionDate "2015.12.18"]
[SourceQuality "1"]

1. e4 e5 2. d4 exd4 3. Qxd4 Nc6 4. Qe3 Qe7 5. Nc3 Nf6 6. Bd2 a6 7. h3 Qc5 8. Qg3 Nh5 9. Qf3 Nd4 10. Qd1 Ne6 11. Be2 Nhf4 12. Bf3 Be7 13. g3 Ng6 14. Nd5 Bd8 15. Ne2 c6 16. Ne3 0-0 17. 0-0 Bc7 18. b4 Qe7 19. Bg2 d6 20. f4 Nd8 21. Kh2 f5 22. exf5 Bxf5 23. Nxf5 Rxf5 24. Nd4 Rf8 25. Re1 Qf7 26. Be4 Ne7 27. Nf3 h6 28. c4 b5 29. cxb5 axb5 30. Qc2 d5 31. Bh7+ Kh8 32. Nh4 Re8 33. Bg6 Nxg6 34. Nxg6+ Kg8 35. Rxe8+ Qxe8 36. Re1 Ne6 37. f5 Ra3 38. Rxe6 Qb8 39. Bf4 Qa8 40. Re2 Bxf4 41. Nxf4 d4 42. f6 Re3 43. Rxe3 dxe3 44. Qb3+ Kh8 45. f7 g5 46. f8Q+ 1-0

[Event "Budapest Art Pub op 9th"]
[Site "Budapest"]
[Date "2015.11.21"]
[Round "4"]
[White "Palagyi, Csaba"]
[Black "Kovacs, Geza"]
[Result "1/2-1/2"]
[WhiteElo "1942"]
[BlackElo "2031"]
[PlyCount "42"]
[EventDate "2015.11.20"]
[EventType "swiss"]
[EventRounds "6"]
[EventCountry "HUN"]
[SourceTitle "CBM 169 Extra"]
[Source "ChessBase"]
[SourceDate "2015.12.18"]
[SourceVersion "1"]
[SourceVersionDate "2015.12.18"]
[SourceQuality "1"]

1. e4 c5 2. d4 e6 3. c3 b6 4. Nf3 Bb7 5. Bd3 d5 6. e5 Ne7 7. Be3 Nd7 8. a3 Nc6 9. 0-0 Be7 10. b4 0-0 11. Nbd2 f5 12. exf6 Bxf6 13. b5 Na5 14. Ne5 Bxe5 15. dxe5 Nxe5 16. Bxh7+ Kxh7 17. Qh5+ Kg8 18. Qxe5 Qf6 19. Qxf6 Rxf6 20. Rfe1 Rg6 21. g3 Kf7 1/2-1/2

[Event "Budapest Art Pub Cup 8th"]
[Site "Budapest"]
[Date "2015.07.12"]
[Round "7"]
[White "Ongut, Tamas Gunes"]
[Black "Kovacs, Geza"]
[Result "1/2-1/2"]
[WhiteElo "1773"]
[BlackElo "2012"]
[PlyCount "67"]
[EventDate "2015.07.09"]
[EventType "swiss"]
[EventRounds "7"]
[EventCountry "HUN"]
[SourceTitle "CBM 167 Extra"]
[Source "ChessBase"]
[SourceDate "2015.09.14"]
[SourceVersion "1"]
[SourceVersionDate "2015.09.14"]
[SourceQuality "1"]

1. d4 Nf6 2. Nf3 e6 3. e3 b6 4. Bd3 Bb7 5. Nbd2 d5 6. Ne5 a6 7. 0-0 c5 8. b3 b5 9. dxc5 Bxc5 10. Bb2 Nbd7 11. Ndf3 Bd6 12. c4 Qc7 13. Nxd7 Qxd7 14. cxb5 axb5 15. Qe2 b4 16. Ne5 Qe7 17. Bb5+ Kf8 18. f4 h5 19. Nc6 Bxc6 20. Bxc6 Rc8 21. Rac1 Bc5 22. Bb5 Ng4 23. Bd4 Rc7 24. h3 Nf6 25. Bd3 Bxd4 26. exd4 g6 27. Qe5 Ra7 28. Rc8+ Kg7 29. Rxh8 Kxh8 30. g4 Kg8 31. Rc1 Nd7 32. Rc8+ Nf8 33. gxh5 Qh4 34. Rxf8+ 1/2-1/2

[Event "Budapest Art Pub Cup 8th"]
[Site "Budapest"]
[Date "2015.07.11"]
[Round "5"]
[White "Furedi, Erik"]
[Black "Kovacs, Geza"]
[Result "1/2-1/2"]
[WhiteElo "2150"]
[BlackElo "2012"]
[PlyCount "85"]
[EventDate "2015.07.09"]
[EventType "swiss"]
[EventRounds "7"]
[EventCountry "HUN"]
[SourceTitle "CBM 167 Extra"]
[Source "ChessBase"]
[SourceDate "2015.09.14"]
[SourceVersion "1"]
[SourceVersionDate "2015.09.14"]
[SourceQuality "1"]

1. e4 c5 2. Nf3 a6 3. c4 Nc6 4. d4 cxd4 5. Nxd4 Nf6 6. Nc3 e5 7. Nb3 d6 8. Be2 Be7 9. Be3 Be6 10. f3 Na5 11. Nxa5 Qxa5 12. 0-0 Rc8 13. Nd5 Nxd5 14. cxd5 Bd7 15. f4 Bf6 16. Bg4 Bxg4 17. Qxg4 0-0 18. fxe5 Bxe5 19. Rxf7 Rxf7 20. Qxc8+ Rf8 21. Qc2 b5 22. g3 Qb4 23. Rb1 Bd4 24. Bxd4 Qxd4+ 25. Kh1 h6 26. Rd1 Qe3 27. Qd3 Qxd3 28. Rxd3 Rf2 29. Rb3 Re2 30. Rb4 Kf7 31. a4 bxa4 32. Rxa4 Rxb2 33. Rxa6 Ke7 34. e5 dxe5 35. Re6+ Kd7 36. Rxe5 Rd2 37. Re6 Rxd5 38. Rg6 Rg5 39. Rxg5 hxg5 40. Kg2 g4 41. Kf2 Ke6 42. Ke2 Kd5 43. Kd3 1/2-1/2

[Event "Budapest Art Pub Cup 8th"]
[Site "Budapest"]
[Date "2015.07.10"]
[Round "2"]
[White "Kovacs, Geza"]
[Black "Horvath, David G"]
[Result "0-1"]
[WhiteElo "2012"]
[BlackElo "2356"]
[PlyCount "78"]
[EventDate "2015.07.09"]
[EventType "swiss"]
[EventRounds "7"]
[EventCountry "HUN"]
[SourceTitle "CBM 167 Extra"]
[Source "ChessBase"]
[SourceDate "2015.09.14"]
[SourceVersion "1"]
[SourceVersionDate "2015.09.14"]
[SourceQuality "1"]

1. e4 e6 2. d4 d5 3. exd5 exd5 4. h3 Bd6 5. Bd3 Nc6 6. c3 Nge7 7. Ne2 Be6 8. Qc2 Qd7 9. Bf4 Ng6 10. Bxd6 Qxd6 11. Nd2 Nh4 12. g3 Ng6 13. 0-0-0 0-0-0 14. f4 Nge7 15. Rde1 Qd7 16. g4 Qd6 17. Nf3 h5 18. f5 Bd7 19. Qd2 hxg4 20. hxg4 g6 21. Ng5 Rxh1 22. Rxh1 Rf8 23. Nh7 Re8 24. fxg6 fxg6 25. Qg5 Nd8 26. Nf6 Rf8 27. Nxd7 Kxd7 28. Rh7 Rf7 29. Rxf7 Nxf7 30. Qf4 Qe6 31. Kd2 g5 32. Qf3 Nh6 33. Ng1 Nxg4 34. Nh3 Ne5 35. dxe5 g4 36. Ng5 gxf3 37. Nxe6 Kxe6 38. Ke3 Nc6 39. c4 d4+ 0-1

[Event "Budapest Art Pub Cup 6th"]
[Site "Budapest"]
[Date "2015.01.02"]
[Round "1"]
[White "Gombocz, Ferenc Jr"]
[Black "Kovacs, Geza"]
[Result "0-1"]
[WhiteElo "1551"]
[BlackElo "2039"]
[PlyCount "72"]
[EventDate "2015.01.02"]
[EventType "swiss"]
[EventRounds "6"]
[EventCountry "HUN"]
[SourceTitle "CBM 164 Extra"]
[Source "ChessBase"]
[SourceDate "2015.03.02"]
[SourceVersion "1"]
[SourceVersionDate "2015.03.02"]
[SourceQuality "1"]

1. d4 Nf6 2. Nf3 e6 3. e3 b6 4. Bd3 Bb7 5. 0-0 Be7 6. b3 d5 7. Bb2 Nbd7 8. Nbd2 c5 9. Ne5 cxd4 10. exd4 0-0 11. Re1 Rc8 12. Rc1 Re8 13. Re3 Bf8 14. Rh3 g6 15. Qf3 Nxe5 16. dxe5 Nd7 17. Qf4 Nc5 18. Nf3 Nxd3 19. cxd3 Qe7 20. Rb1 Ba6 21. Ng5 h6 22. Ba3 Qxg5 23. Qxg5 hxg5 24. Bc1 Be7 25. Bd2 Rc2 26. Be3 Rec8 27. Re1 Bxd3 28. Bxg5 Bxg5 29. Rxd3 Rc1 30. Kf1 Rxe1+ 31. Kxe1 Rc1+ 32. Ke2 Rc2+ 33. Kf3 Rxa2 34. g3 Be7 35. Kg2 Bc5 36. Rf3 a5 0-1

[Event "SVK-chT2B 1112"]
[Site "Slovakia"]
[Date "2012.02.25"]
[Round "10.1"]
[White "Zatko, Gregor"]
[Black "Kovacs, Geza"]
[Result "1-0"]
[WhiteElo "2063"]
[BlackElo "2080"]
[PlyCount "64"]
[EventDate "2011.10.08"]
[EventType "team-tourn"]
[EventRounds "11"]
[EventCountry "SVK"]
[SourceTitle "EXT 2013"]
[Source "ChessBase"]
[SourceDate "2012.11.22"]
[SourceVersion "1"]
[SourceVersionDate "2012.11.22"]
[SourceQuality "1"]
[WhiteTeam "Levice"]
[BlackTeam "Kamenny Most"]
[WhiteTeamCountry "SVK"]
[BlackTeamCountry "SLO"]

1. d4 Nf6 2. Bf4 c5 3. e3 Qb6 4. Nc3 a6 5. Qd2 cxd4 6. exd4 d5 7. 0-0-0 Bf5 8. Bxb8 Rxb8 9. Qf4 Rc8 10. Qxf5 Rxc3 11. bxc3 e6 12. Qf3 Ne4 13. c4 Qa5 14. Kb2 Bb4 15. Rd3 Nd2 16. Rxd2 Bxd2 17. Qb3 0-0 18. Nf3 Bf4 19. g3 dxc4 20. Bxc4 Bc7 21. Re1 b5 22. Bd3 b4 23. Bc4 Qb6 24. Bxe6 Qc6 25. Bc4 a5 26. Bd5 Qf6 27. Qc4 Bb6 28. Re2 a4 29. Ne5 a3+ 30. Kb1 b3 31. axb3 h6 32. Nd7 Qxd4 1-0

[Event "HUN-chT2 Breyer 1011"]
[Site "Hungary"]
[Date "2011.04.10"]
[Round "8.5"]
[White "Bereczki, Istvan"]
[Black "Kovacs, Geza"]
[Result "1-0"]
[WhiteElo "2088"]
[BlackElo "2082"]
[PlyCount "51"]
[EventDate "2010.09.12"]
[EventType "team-tourn"]
[EventRounds "11"]
[EventCountry "HUN"]
[SourceTitle "EXT 2012"]
[Source "ChessBase"]
[SourceDate "2011.11.24"]
[SourceVersion "1"]
[SourceVersionDate "2011.11.24"]
[SourceQuality "1"]
[WhiteTeam "Szazhalombatta"]
[BlackTeam "Turul"]
[WhiteTeamCountry "HUN"]
[BlackTeamCountry "HUN"]

1. c4 d5 2. cxd5 Nf6 3. Qa4+ c6 4. dxc6 Nxc6 5. Nf3 Bd7 6. g3 Qc8 7. Nc3 e5 8. Bg2 Bc5 9. 0-0 Nd4 10. Qd1 Nc6 11. Nxe5 Bxf2+ 12. Rxf2 Nxe5 13. d4 Neg4 14. Rf4 h5 15. e4 h4 16. h3 g5 17. Rf1 hxg3 18. e5 Nf2 19. Qf3 Nxh3+ 20. Bxh3 Rxh3 21. Qxf6 Rh1+ 22. Kxh1 Bc6+ 23. Kg1 Qh3 24. Qxf7+ Kd8 25. Bxg5+ Kc8 26. Qf8+ 1-0

[Event "HUN-chT2 Breyer 1011"]
[Site "Hungary"]
[Date "2010.09.26"]
[Round "2.6"]
[White "Szabo, Gabor2222"]
[Black "Kovacs, Geza"]
[Result "0-1"]
[WhiteElo "1817"]
[BlackElo "2082"]
[PlyCount "80"]
[EventDate "2010.09.12"]
[EventType "team-tourn"]
[EventRounds "11"]
[EventCountry "HUN"]
[SourceTitle "EXT 2012"]
[Source "ChessBase"]
[SourceDate "2011.11.24"]
[SourceVersion "1"]
[SourceVersionDate "2011.11.24"]
[SourceQuality "1"]
[WhiteTeam "Gyor Komszomol"]
[BlackTeam "Turul"]
[WhiteTeamCountry "HUN"]
[BlackTeamCountry "HUN"]

1. e4 Nc6 2. Nf3 d5 3. exd5 Qxd5 4. Nc3 Qa5 5. d4 e6 6. Bd2 Bb4 7. Bc4 Nf6 8. 0-0 Bd7 9. Re1 0-0-0 10. Ne5 Rhf8 11. a3 Bxc3 12. Bxc3 Qb6 13. b4 Nxe5 14. Rxe5 Bc6 15. Qe2 Nd5 16. Bxd5 Bxd5 17. Bb2 Qc6 18. b5 Qc4 19. a4 Qxe2 20. Rxe2 Bc4 21. Re3 a6 22. Rb1 axb5 23. axb5 Rd5 24. Re5 Rfd8 25. Ra1 Kb8 26. f4 Rxb5 27. Rxb5 Bxb5 28. Re1 Rd6 29. Re5 Bc4 30. Rc5 b5 31. Rh5 h6 32. d5 g6 33. Rxh6 Rxd5 34. Rh8+ Kb7 35. Rh7 Rd1+ 36. Kf2 Rd2+ 37. Kg3 Bd5 38. Rxf7 Rxg2+ 39. Kh3 Rxc2 40. Be5 b4 0-1

[Event "HUN-chT2 Breyer 1011"]
[Site "Hungary"]
[Date "2010.09.12"]
[Round "1.6"]
[White "Kovacs, Geza"]
[Black "D Albini, Geza"]
[Result "1/2-1/2"]
[WhiteElo "2082"]
[BlackElo "2080"]
[PlyCount "66"]
[EventDate "2010.09.12"]
[EventType "team-tourn"]
[EventRounds "11"]
[EventCountry "HUN"]
[SourceTitle "EXT 2012"]
[Source "ChessBase"]
[SourceDate "2011.11.24"]
[SourceVersion "1"]
[SourceVersionDate "2011.11.24"]
[SourceQuality "1"]
[WhiteTeam "Turul"]
[BlackTeam "Vizugy"]
[WhiteTeamCountry "HUN"]
[BlackTeamCountry "HUN"]

1. d4 c5 2. c3 d5 3. Nf3 e6 4. Bf4 Nc6 5. e3 f5 6. Nbd2 Nf6 7. Ne5 Nxe5 8. Bxe5 Bd6 9. Bb5+ Kf7 10. Nf3 Rf8 11. Bxd6 Qxd6 12. Bd3 Kg8 13. 0-0 Bd7 14. Ne5 Be8 15. h3 Nd7 16. Nxd7 Bxd7 17. f4 c4 18. Bc2 b5 19. a3 a5 20. Qh5 g6 21. Qg5 Rab8 22. Rfb1 Rf7 23. Kf2 Qe7 24. h4 Rg7 25. Qxe7 Rxe7 26. Ke2 Be8 27. Kd2 h6 28. Rg1 h5 29. Rgb1 a4 30. Rf1 Kh7 31. Rf3 Kh6 32. Rg3 Rbb7 33. Rg5 Rg7 1/2-1/2

[Event "HUN-chT2 Breyer 0910"]
[Site "Hungary"]
[Date "2009.12.06"]
[Round "3"]
[White "Kozma, Edit"]
[Black "Kovacs, Geza"]
[Result "1/2-1/2"]
[WhiteElo "2050"]
[BlackElo "2092"]
[PlyCount "62"]
[EventDate "2009.11.08"]
[EventType "team-tourn"]
[EventRounds "11"]
[EventCountry "HUN"]
[SourceTitle "EXT 2011"]
[Source "ChessBase"]
[SourceDate "2010.11.26"]
[SourceVersion "1"]
[SourceVersionDate "2010.11.26"]
[SourceQuality "1"]
[WhiteTeam "Honved II"]
[BlackTeam "Esztergom"]
[WhiteTeamCountry "HUN"]
[BlackTeamCountry "HUN"]

1. e4 c5 2. Nf3 a6 3. c4 Nc6 4. d4 cxd4 5. Nxd4 Nf6 6. Nc3 e5 7. Nxc6 bxc6 8. Bd3 Be7 9. 0-0 d6 10. b3 0-0 11. Bb2 Qc7 12. Rc1 Bg4 13. Be2 Bxe2 14. Qxe2 Nd7 15. Na4 f5 16. exf5 Rxf5 17. f4 Bf6 18. fxe5 Rxf1+ 19. Rxf1 Bxe5 20. Qg4 Re8 21. Qf5 Nf6 22. Bxe5 Rxe5 23. Qf4 Qe7 24. Nc3 Re3 25. Nd1 Re2 26. Qf3 d5 27. cxd5 cxd5 28. Rf2 Re1+ 29. Rf1 Re2 30. Rf2 Re1+ 31. Rf1 Re2 1/2-1/2

[Event "HUN-chT2 Breyer 0809"]
[Site "Hungary"]
[Date "2009.03.08"]
[Round "9"]
[White "Torok, Adam"]
[Black "Kovacs, Geza"]
[Result "1-0"]
[WhiteElo "2135"]
[BlackElo "2092"]
[PlyCount "103"]
[EventDate "2008.10.26"]
[EventType "team-tourn"]
[EventRounds "11"]
[EventCountry "HUN"]
[SourceTitle "EXT 2010"]
[Source "ChessBase"]
[SourceDate "2010.11.25"]
[SourceVersion "1"]
[SourceVersionDate "2010.11.25"]
[SourceQuality "1"]
[WhiteTeam "Vizugy"]
[BlackTeam "Esztergom"]
[WhiteTeamCountry "HUN"]
[BlackTeamCountry "HUN"]

1. e4 c5 2. Nf3 a6 3. c4 Nc6 4. d4 cxd4 5. Nxd4 Nf6 6. Nc3 e5 7. Nc2 Bc5 8. Be3 Bxe3 9. Nxe3 d6 10. Be2 Be6 11. Qd2 Qc7 12. 0-0 0-0 13. Rac1 Nd4 14. b3 Rac8 15. f3 Qa5 16. Rfd1 Rfd8 17. Bd3 Qc5 18. Kh1 g6 19. Ncd5 Bxd5 20. cxd5 Qa7 21. Nf5 Nxf5 22. exf5 Kg7 23. Bb1 Rc5 24. Rxc5 Qxc5 25. fxg6 hxg6 26. Rc1 Qb6 27. b4 Nh5 28. g3 Rd7 29. f4 exf4 30. gxf4 Qb5 31. f5 Nf6 32. fxg6 Qxd5+ 33. Qxd5 Nxd5 34. gxf7 Rxf7 35. a3 Nf4 36. Rd1 d5 37. Ba2 Rd7 38. Rd4 Ne2 39. Rxd5 Rc7 40. Rc5 Rxc5 41. bxc5 Nc3 42. Bc4 Ne4 43. c6 bxc6 44. Bxa6 Kf6 45. Bb7 Ke5 46. Bxc6 Nc3 47. Kg2 Kd6 48. Bf3 Ke5 49. h4 Kf4 50. h5 Kg5 51. Kf2 Na4 52. Ke3 1-0

[Event "HUN-chT2 Breyer 0708"]
[Site "Hungary"]
[Date "2007.11.25"]
[Round "3"]
[White "Kovacs, Geza"]
[Black "Banyai, Sandor"]
[Result "1/2-1/2"]
[WhiteElo "2067"]
[BlackElo "2093"]
[PlyCount "21"]
[EventDate "2007.10.14"]
[EventType "team"]
[EventRounds "11"]
[EventCountry "HUN"]
[SourceTitle "EXT 2009"]
[Source "ChessBase"]
[SourceDate "2008.11.26"]
[SourceVersion "1"]
[SourceVersionDate "2008.11.26"]
[SourceQuality "1"]
[WhiteTeam "Esztergom"]
[BlackTeam "Kisber Aszar"]
[WhiteTeamCountry "HUN"]
[BlackTeamCountry "HUN"]

1. e4 c6 2. d4 d5 3. e5 Bf5 4. Nc3 e6 5. h4 h6 6. g4 Bh7 7. Bd3 Bxd3 8. Qxd3 Nd7 9. f4 Ne7 10. f5 Qb6 11. Nge2 1/2-1/2

[Event "HUN-chT2 Breyer 0607"]
[Site "Hungary"]
[Date "2007.05.06"]
[Round "10"]
[White "Vass, Lajos"]
[Black "Kovacs, Geza"]
[Result "1/2-1/2"]
[WhiteElo "2155"]
[BlackElo "2121"]
[PlyCount "82"]
[EventDate "2006.11.12"]
[EventType "team"]
[EventRounds "11"]
[EventCountry "HUN"]
[SourceTitle "EXT 2008"]
[Source "ChessBase"]
[SourceDate "2007.11.25"]
[SourceVersion "1"]
[SourceVersionDate "2007.11.25"]
[SourceQuality "1"]
[WhiteTeam "BEAC Rufusz II"]
[BlackTeam "Esztergom"]
[WhiteTeamCountry "HUN"]
[BlackTeamCountry "HUN"]

1. e4 c5 2. c3 d5 3. exd5 Qxd5 4. d4 cxd4 5. cxd4 e5 6. Nf3 Nc6 7. Nc3 Bb4 8. Bd2 Bxc3 9. Bxc3 e4 10. Ne5 Nxe5 11. dxe5 Be6 12. Qa4+ Bd7 13. Qb4 a5 14. Qc4 Ne7 15. Rd1 Qc6 16. Rd6 Qxc4 17. Bxc4 Nf5 18. Rb6 Bc6 19. Bb5 Ne7 20. 0-0 0-0 21. Bxc6 bxc6 22. Re1 e3 23. fxe3 Rfc8 24. Rb7 Nd5 25. e6 f6 26. Bd2 Re8 27. e4 Nb4 28. e7 Kf7 29. Rc1 Rxe7 30. Rxe7+ Kxe7 31. a3 Rd8 32. Be3 Nd3 33. Rxc6 Nxb2 34. e5 Rd1+ 35. Kf2 Nd3+ 36. Ke2 Nxe5 37. Ra6 Rd5 38. Ra7+ Ke6 39. Rxg7 Nc4 40. Bc1 h5 41. Rc7 Rd4 1/2-1/2